000 00589cam a22002173a 4500
001 45383
003 PGUSA
005 20140828084041.0
008 140414s2014||||xxu|||||s|||||000 | eng d
040 _aPGUSA
_beng
042 _adc
100 1 _aRead, T. Buchanan
245 1 0 _aDrifting
_h[electronic resource] /
_cT. Buchanan Read
260 _bProject Gutenberg,
_c2014
506 _aPublic domain in the USA.
516 _aElectronic text
700 1 _aHumphrey, Miss L. B.
830 0 _aProject Gutenberg
_v45383
856 4 0 _uhttp://www.gutenberg.org/ebooks/45383
942 _cEB
999 _c274634
_d274634